[Event "10th EUR-ch (W) playoff 3-9"]
[Site "Sankt Petersburg RUS"]
[Date "2009.03.20"]
[Round "1.1"]
[White "Pogonina, Natalia"]
[Black "Kovalevskaya, Ekaterina"]
[Result "1-0"]
[WhiteElo "2467"]
[BlackElo "2442"]
[EventDate "2009.03.20"]
[PlyCount "143"]

1.e4 e5 2.Nf3 Nc6 3.Bb5 a6 4.Ba4 Nf6 5.O-O Be7 6.Re1 d6 7.d3 b5 8.Bb3 Na5 
9.h3 O-O 10.Nbd2 c5 11.c3 Nxb3 12.axb3 a5 13.Nf1 h6 14.c4 Bd7 15.Ne3 Qb6 
16.Nh2 Rfb8 17.Qf3 Qd8 18.Nf5 Bxf5 19.exf5 bxc4 20.bxc4 Rb3 21.Qd1 Rab8 
22.Nf1 Qc8 23.Ne3 Bd8 24.Qc2 Qd7 25.Rd1 Qc6 26.Ra2 Qb7 27.Qe2 Bc7 28.Nc2 
Qc8 29.Na3 Qxf5 30.Nb5 Qd7 31.f4 exf4 32.Bxf4 Nd5 33.Bg3 R8xb5 34.cxb5 
Qxb5 35.Rd2 Qd7 36.Ra3 Rxa3 37.bxa3 Nc3 38.Qe3 Nb5 39.Rb2 Nd4 40.Bf4 Ne6 
41.Bg3 Qa4 42.Rb7 Qxa3 43.Ra7 Qa1+ 44.Kh2 Qf6 45.Ra8+ Kh7 46.Qe4+ Qg6 47.
Qd5 Qg5 48.Qc6 Qf5 49.Ra7 Bd8 50.Qxd6 Bg5 51.Rxa5 Bf4 52.Bxf4 Qxf4+ 53.
Qxf4 Nxf4 54.Ra3 Kg6 55.Kg3 Kf5 56.Ra7 Nxd3 57.Rxf7+ Kg6 58.Rc7 Kf6 59.Kf3
Ne1+ 60.Kf2 Nd3+ 61.Ke3 Ne5 62.Rxc5 Nf7 63.Ke4 Kg6 64.Rc6+ Kh7 65.Kf5 Nh8 
66.h4 Nf7 67.h5 Kg8 68.Rc7 Nh8 69.Ke6 Kh7 70.Ke7 Kg8 71.Rc8+ Kh7 72.Kf8 
1-0

[Event "10th EUR-ch (W) playoff 3-9"]
[Site "Sankt Petersburg RUS"]
[Date "2009.03.20"]
[Round "1.2"]
[White "Kovalevskaya, Ekaterina"]
[Black "Pogonina, Natalia"]
[Result "1-0"]
[WhiteElo "2442"]
[BlackElo "2467"]
[EventDate "2009.03.20"]
[PlyCount "75"]

1.c4 c5 2.Nf3 Nc6 3.d4 cxd4 4.Nxd4 Nf6 5.Nc3 g6 6.e4 d6 7.Be2 Nxd4 8.Qxd4 
Bg7 9.Be3 O-O 10.Qd2 Be6 11.O-O Qa5 12.Rac1 Rfc8 13.b3 a6 14.f4 b5 15.f5 
Bd7 16.fxg6 hxg6 17.c5 Be6 18.cxd6 exd6 19.Bf3 Rab8 20.Bd4 Qd8 21.Rcd1 Qe7
22.Ne2 Ne8 23.Bxg7 Kxg7 24.Nf4 Rc5 25.Be2 Rbc8 26.Qd4+ Kg8 27.Rf3 Rc1 28.
h3 Ng7 29.Rd3 Rxd1+ 30.Bxd1 Rc6 31.Bf3 Ne8 32.e5 dxe5 33.Qxe5 Rc1+ 34.Kh2 
Ng7 35.Nd5 Qf8 36.Nf6+ Kh8 37.Qf4 Rc5 38.Qh6# 1-0

[Event "10th EUR-ch (W) playoff 3-9"]
[Site "Sankt Petersburg RUS"]
[Date "2009.03.20"]
[Round "1.3"]
[White "Kovalevskaya, Ekaterina"]
[Black "Pogonina, Natalia"]
[Result "1/2-1/2"]
[WhiteElo "2442"]
[BlackElo "2467"]
[EventDate "2009.03.20"]
[PlyCount "102"]

1.c4 Nf6 2.Nf3 e6 3.g3 d5 4.Bg2 Be7 5.O-O O-O 6.b3 c5 7.cxd5 exd5 8.d4 Nc6
9.Bb2 Be6 10.Nc3 b6 11.Rc1 Rc8 12.dxc5 bxc5 13.Na4 Nb8 14.Bxf6 Bxf6 15.
Rxc5 Qd6 16.Qc2 Na6 17.Rxc8 Rxc8 18.Qd2 Qb4 19.Qd3 Nc5 20.Nxc5 Rxc5 21.Rd1
h6 22.h4 Rc3 23.Qa6 Qc5 24.e3 Bg4 25.Qe2 Rc2 26.Rd2 Rc1+ 27.Kh2 a5 28.Qd3 
Be6 29.Nd4 Qa3 30.Nxe6 fxe6 31.Qa6 Kf7 32.Qa7+ Be7 33.Bh3 Qb4 34.Qd4 Qxd4 
35.exd4 Re1 36.Kg2 Bf6 37.f3 Rc1 38.Kf2 g5 39.hxg5 hxg5 40.Bg4 Be7 41.Ke3 
Bb4 42.Re2 Re1 43.Rxe1 Bxe1 44.Bh5+ Kf6 45.g4 Bb4 46.Kd3 Bd6 47.Be8 Ba3 
48.Kc3 Ke7 49.Bb5 Kf6 50.Kd3 Ke7 51.Ba6 Kf6 1/2-1/2

[Event "10th EUR-ch (W) playoff 3-9"]
[Site "Sankt Petersburg RUS"]
[Date "2009.03.20"]
[Round "1.4"]
[White "Pogonina, Natalia"]
[Black "Kovalevskaya, Ekaterina"]
[Result "1-0"]
[WhiteElo "2467"]
[BlackElo "2442"]
[EventDate "2009.03.20"]
[PlyCount "97"]

1.e4 e5 2.Nf3 Nc6 3.Bb5 a6 4.Ba4 Nf6 5.d3 d6 6.c3 Be7 7.O-O O-O 8.Re1 Bg4 
9.h3 Bh5 10.Nbd2 Nd7 11.b4 Bg5 12.Bb3 Bxd2 13.Bxd2 h6 14.Qe2 Qf6 15.g4 Bg6
16.g5 Qe7 17.gxh6 Nd8 18.Bg5 Nf6 19.Nh4 Ne6 20.Qe3 Rfe8 21.Nf5 Bxf5 22.
exf5 Nf8 23.hxg7 N8h7 24.Bh4 Qd7 25.Qf3 Kxg7 26.Kh1 Kh8 27.Rg1 Rg8 28.d4 
exd4 29.cxd4 d5 30.Bc2 Rxg1+ 31.Rxg1 Rg8 32.Rg3 Qd6 33.a3 Qe7 34.Qf4 Rxg3 
35.Qxg3 c6 36.Qe5 Qd8 37.Bd3 Kg7 38.Bg3 Qe8 39.Kg2 Qd7 40.h4 Qe8 41.Qc7 
Qd7 42.Qe5 Qe8 43.f3 Kg8 44.Bf4 Qf8 45.Bg5 Qg7 46.f4 Nxg5 47.fxg5 Nh5 48.
f6 Qf8 49.Qf5 1-0

[Event "10th EUR-ch (W) playoff 3-9"]
[Site "Sankt Petersburg RUS"]
[Date "2009.03.20"]
[Round "1.1"]
[White "Shadrina, Tatiana"]
[Black "Ovod, Evgenia"]
[Result "0-1"]
[WhiteElo "2416"]
[BlackElo "2430"]
[EventDate "2009.03.20"]
[PlyCount "124"]

1.e4 e5 2.Nf3 Nc6 3.Bb5 Bc5 4.c3 Nf6 5.O-O O-O 6.d4 Bb6 7.dxe5 Nxe4 8.Qd5 
Nc5 9.Bg5 Ne7 10.Qd1 d5 11.exd6 cxd6 12.Re1 f6 13.Bh4 d5 14.Nbd2 Nf5 15.b4
Ne6 16.Ba4 Nxh4 17.Nxh4 Nf4 18.Nf1 Kh8 19.Qd2 g5 20.Nf3 Bg4 21.Nd4 Bxd4 
22.cxd4 a5 23.Ne3 Be6 24.g3 Ng6 25.Bc2 f5 26.Ng2 Qd6 27.Qxg5 axb4 28.h4 
Rf7 29.h5 Nf8 30.Nf4 Bd7 31.Re5 Rg7 32.Qh4 Rg4 33.Qe7 Qh6 34.Nxd5 Rxd4 35.
Bxf5 Re8 36.Qc5 Rxe5 37.Qxd4 Qg7 38.Rd1 Bxf5 39.h6 Re1+ 40.Kg2 Qxd4 41.
Rxd4 Be4+ 42.Kh3 Bxd5 43.Rxd5 Re6 44.Rb5 Rxh6+ 45.Kg4 Rg6+ 46.Kf3 Rf6+ 47.
Kg2 Rf7 48.Rxb4 Kg7 49.Rb6 Rc7 50.g4 Nd7 51.Rb4 Kf6 52.Kg3 Ke5 53.Rb5+ Kd4
54.f4 b6 55.g5 Rc2 56.Rb1 Ke4 57.Rb4+ Kf5 58.Rb5+ Rc5 59.Rb3 b5 60.Ra3 Nf8
61.Ra7 Rc3+ 62.Kh4 Ng6+ 0-1

[Event "10th EUR-ch (W) playoff 3-9"]
[Site "Sankt Petersburg RUS"]
[Date "2009.03.20"]
[Round "1.2"]
[White "Ovod, Evgenia"]
[Black "Shadrina, Tatiana"]
[Result "1-0"]
[WhiteElo "2430"]
[BlackElo "2416"]
[EventDate "2009.03.20"]
[PlyCount "87"]

1.d4 d5 2.Nf3 Nf6 3.c4 c6 4.Nc3 Bg4 5.Ne5 Bf5 6.Bf4 e6 7.e3 Be7 8.Bd3 Bxd3
9.Qxd3 O-O 10.O-O Nbd7 11.Nxd7 Qxd7 12.Bg5 h6 13.Bh4 Rfd8 14.Rfd1 Ne8 15.
Bxe7 Qxe7 16.a3 Nf6 17.b4 e5 18.dxe5 Ng4 19.Qf5 Nxe5 20.cxd5 g6 21.Qf4 h5 
22.h3 a5 23.dxc6 Nxc6 24.b5 Ne5 25.Nd5 Qe6 26.Nc7 Rxd1+ 27.Rxd1 Qb3 28.Rd4
Nd3 29.Rxd3 Qxd3 30.Nxa8 Qxb5 31.Nc7 Qb3 32.a4 b6 33.Kh2 Qa2 34.h4 Qb3 35.
Nb5 Kf8 36.Qd6+ Kg8 37.Qf4 Kf8 38.Qd6+ Kg7 39.Qd4+ Kh7 40.Qf4 Qa2 41.Kg3 
Qe6 42.Nd6 Kg8 43.Ne4 Kf8 44.Qd6+ 1-0

[Event "10th EUR-ch (W) playoff 3-9"]
[Site "Sankt Petersburg RUS"]
[Date "2009.03.20"]
[Round "1.1"]
[White "Rajlich, Iweta"]
[Black "Lomineishvili, Maia"]
[Result "0-1"]
[WhiteElo "2399"]
[BlackElo "2437"]
[EventDate "2009.03.20"]
[PlyCount "102"]

1.d4 Nf6 2.c4 e6 3.Nc3 Bb4 4.Qc2 O-O 5.Nf3 d5 6.a3 Bxc3+ 7.Qxc3 dxc4 8.
Qxc4 b6 9.Bg5 Bb7 10.Rc1 Na6 11.e3 h6 12.Bh4 c6 13.Qa4 Nc7 14.Ne5 Qd5 15.
Nxc6 Bxc6 16.Qxc6 Rac8 17.Qxd5 Ncxd5 18.Rxc8 Rxc8 19.Bxf6 Nxf6 20.Be2 Rc2 
21.f3 Rxb2 22.Kf2 Ra2 23.Rc1 Rxa3 24.Rc8+ Kh7 25.e4 g5 26.Bc4 Kg7 27.d5 
exd5 28.exd5 Rc3 29.d6 b5 30.Be6 Rd3 31.Rc7 Rxd6 32.Bxf7 a6 33.Be6+ Kf8 
34.Rf7+ Ke8 35.Rxf6 Ke7 36.Rxh6 Rxe6 37.Rxe6+ Kxe6 38.Ke3 Kd5 39.Kd3 b4 
40.g3 a5 41.f4 gxf4 42.gxf4 a4 43.h4 a3 44.Kc2 Kc4 45.f5 b3+ 46.Kb1 Kc3 
47.f6 a2+ 48.Ka1 Kc2 49.f7 b2+ 50.Kxa2 b1=Q+ 51.Ka3 Qb3# 0-1

[Event "10th EUR-ch (W) playoff 3-9"]
[Site "Sankt Petersburg RUS"]
[Date "2009.03.20"]
[Round "1.2"]
[White "Lomineishvili, Maia"]
[Black "Rajlich, Iweta"]
[Result "0-1"]
[WhiteElo "2437"]
[BlackElo "2399"]
[EventDate "2009.03.20"]
[PlyCount "118"]

1.d4 c5 2.d5 e6 3.c4 d6 4.Nc3 a6 5.e4 g6 6.Nf3 Bg7 7.Bd3 Ne7 8.O-O O-O 9.
Bg5 h6 10.Be3 e5 11.Qd2 g5 12.a3 Nd7 13.b4 b6 14.Qc2 Ng6 15.Rab1 g4 16.Ne1
Nf4 17.f3 h5 18.Be2 Qg5 19.Qd2 Bh6 20.Bxf4 exf4 21.fxg4 hxg4 22.Nd3 g3 23.
Nxf4 gxh2+ 24.Kh1 Ne5 25.Qe1 cxb4 26.axb4 a5 27.bxa5 bxa5 28.Na4 Ba6 29.
Rb3 Ng6 30.Rg3 Qxf4 31.Rxf4 Bxf4 32.Rh3 Rab8 33.g3 Be5 34.c5 Bc8 35.Rxh2 
Rb4 36.Nb6 dxc5 37.Nxc8 Rxc8 38.Bh5 Rcb8 39.Rc2 Rb1 40.Rc1 R1b3 41.Bxg6 
fxg6 42.Qxa5 Kg7 43.Qa7+ Kh6 44.Qxc5 Rxg3 45.Qe7 Rg5 46.Qc5 Rb3 47.Qf8+ 
Kh5 48.Qf1 Rg4 49.Qg2 Rxg2 50.Kxg2 Kg4 51.Rc6 Rb2+ 52.Kf1 g5 53.Re6 Kf3 
54.Ke1 Re2+ 55.Kd1 Rxe4 56.Kc2 Kf4 57.Re8 Rd4 58.Rd8 g4 59.Rf8+ Ke4 0-1

[Event "10th EUR-ch (W) playoff 3-9"]
[Site "Sankt Petersburg RUS"]
[Date "2009.03.20"]
[Round "1.3"]
[White "Lomineishvili, Maia"]
[Black "Rajlich, Iweta"]
[Result "1-0"]
[WhiteElo "2437"]
[BlackElo "2399"]
[EventDate "2009.03.20"]
[PlyCount "88"]

1.d4 e6 2.c4 c5 3.d5 exd5 4.cxd5 d6 5.Nc3 a6 6.a4 g6 7.Nf3 Bg7 8.e4 Bg4 9.
Be2 Nd7 10.O-O Bxf3 11.Bxf3 Ne7 12.Bf4 Ne5 13.Be2 O-O 14.Qd2 Rb8 15.Bh6 
Bxh6 16.Qxh6 f5 17.f4 Nf7 18.Qh3 fxe4 19.Nxe4 Nf5 20.Bg4 N7h6 21.Ng5 Qd7 
22.Qxh6 Nxh6 23.Bxd7 Nf5 24.Be6+ Kg7 25.Rae1 Nd4 26.Bh3 Kh6 27.Re7 Rxf4 
28.Rxf4 Kxg5 29.Rff7 b5 30.a5 h5 31.Rd7 b4 32.Rxd6 Rb5 33.Rg7 Ne2+ 34.Kf2 
Nf4 35.Rxa6 c4 36.d6 Re5 37.Re7 Rd5 38.d7 c3 39.bxc3 bxc3 40.Rc6 Rd2+ 41.
Ke1 Nd3+ 42.Kf1 Rf2+ 43.Kg1 Rd2 44.g3 Rd1+ 1-0

[Event "10th EUR-ch (W) playoff 3-9"]
[Site "Sankt Petersburg RUS"]
[Date "2009.03.20"]
[Round "1.4"]
[White "Rajlich, Iweta"]
[Black "Lomineishvili, Maia"]
[Result "1-0"]
[WhiteElo "2399"]
[BlackElo "2437"]
[EventDate "2009.03.20"]
[PlyCount "117"]

1.d4 Nf6 2.c4 e6 3.Nc3 Bb4 4.Qc2 O-O 5.Nf3 d6 6.g3 Nbd7 7.Bg2 e5 8.dxe5 
Nxe5 9.Nxe5 dxe5 10.O-O c6 11.Rd1 Qe7 12.Bg5 h6 13.Bxf6 Qxf6 14.Ne4 Qe7 
15.c5 Bf5 16.Rd6 Bxe4 17.Bxe4 Rfd8 18.Rad1 Rxd6 19.Rxd6 Rd8 20.Rxd8+ Qxd8 
21.a3 Be1 22.Kf1 Ba5 23.b4 Bc7 24.e3 Qd7 25.Kg2 a5 26.h4 axb4 27.axb4 Bd8 
28.h5 Be7 29.Qa2 Qc7 30.Qa8+ Bd8 31.Bf5 Kf8 32.Bc8 b6 33.Bf5 bxc5 34.bxc5 
Ke7 35.Be4 Kf6 36.Qa6 Be7 37.Qb6 Qxb6 38.cxb6 c5 39.b7 Bd6 40.Bd5 g6 41.
hxg6 fxg6 42.Kf3 Ke7 43.Ke4 Kd7 44.Bf7 Kc7 45.Kd5 Be7 46.Bxg6 Kxb7 47.Kxe5
Kb6 48.Bd3 Ka5 49.Ke6 Bd8 50.f4 Kb4 51.Kd5 h5 52.e4 h4 53.gxh4 Bxh4 54.e5 
Kc3 55.Bf1 Kd2 56.f5 Ke3 57.f6 Kf4 58.Ke6 Ke4 59.f7 1-0

[Event "10th EUR-ch (W) playoff 3-9"]
[Site "Sankt Petersburg RUS"]
[Date "2009.03.20"]
[Round "1.5"]
[White "Lomineishvili, Maia"]
[Black "Rajlich, Iweta"]
[Result "1-0"]
[WhiteElo "2437"]
[BlackElo "2399"]
[EventDate "2009.03.20"]
[PlyCount "95"]

1.d4 e6 2.c4 b6 3.a3 Bb7 4.Nc3 f5 5.d5 Be7 6.g3 Bf6 7.Bd2 Ne7 8.Bg2 O-O 9.
Nf3 a5 10.O-O Na6 11.e4 fxe4 12.Nxe4 Bxb2 13.Rb1 Bxa3 14.Nfg5 exd5 15.cxd5
Nf5 16.Bc3 h6 17.Nh3 Bb4 18.Ba1 Nc5 19.Nf4 Ba6 20.Ng6 Qe8 21.Nxf8 Qxf8 22.
Nxc5 bxc5 23.d6 c6 24.Re1 Bc4 25.Re4 Bd5 26.Rg4 Bxg2 27.Kxg2 Qf7 28.Qd3 
Qd5+ 29.Qxd5+ cxd5 30.Be5 Kf7 31.Rf4 Kg6 32.g4 Nd4 33.Bxd4 cxd4 34.Rxd4 
Kf6 35.Rxd5 Ke6 36.Rbd1 a4 37.R5d4 Bc5 38.Re4+ Kf6 39.Ra1 Bxd6 40.Raxa4 
Rb8 41.Ra6 Kg5 42.Rxd6 Rb7 43.Kg3 Rb3+ 44.f3 Rxf3+ 45.Kxf3 Kh4 46.Rxd7 g5 
47.Rh7 h5 48.Rxh5# 1-0

[Event "10th EUR-ch (W) playoff 3-9"]
[Site "Sankt Petersburg RUS"]
[Date "2009.03.20"]
[Round "2.1"]
[White "Socko, Monika"]
[Black "Pogonina, Natalia"]
[Result "1-0"]
[WhiteElo "2449"]
[BlackElo "2467"]
[EventDate "2009.03.20"]
[PlyCount "123"]

1.e4 e5 2.Nf3 Nc6 3.Bb5 a6 4.Bxc6 dxc6 5.O-O f6 6.d4 exd4 7.Nxd4 c5 8.Ne2 
Qxd1 9.Rxd1 Bd7 10.Nbc3 O-O-O 11.Be3 Bd6 12.Bf4 Bxf4 13.Nxf4 Ne7 14.f3 g6 
15.Ncd5 Nxd5 16.Rxd5 b6 17.Rad1 Bc6 18.Rxd8+ Rxd8 19.Rxd8+ Kxd8 20.Ne6+ 
Kd7 21.Nf8+ Ke7 22.Nxh7 Kf7 23.e5 fxe5 24.h4 Bd5 25.a3 Ke7 26.Ng5 a5 27.
Kf2 Kf6 28.Ke3 Bc6 29.g4 Bd5 30.Ne4+ Kg7 31.f4 exf4+ 32.Kxf4 Be6 33.Nc3 
Bc4 34.Ke5 Kf7 35.Nd5 Be2 36.g5 Bd1 37.c3 b5 38.Nxc7 b4 39.Na6 bxa3 40.
bxa3 c4 41.Nc7 Be2 42.Nd5 Bf1 43.Nf4 Bd3 44.Kd4 Bf1 45.Ke5 Bd3 46.Ne6 Ke7 
47.Nd4 Kd7 48.Kf6 Kd6 49.Ne6 Kc6 50.Nf4 Kb5 51.Nxg6 Ka4 52.h5 Kxa3 53.h6 
Kb2 54.h7 a4 55.h8=Q a3 56.Qh2+ Kb3 57.Qb8+ Kxc3 58.Qe5+ Kb3 59.Nf4 a2 60.
Nxd3 cxd3 61.Qa1 d2 62.g6 1-0

[Event "10th EUR-ch (W) playoff 3-9"]
[Site "Sankt Petersburg RUS"]
[Date "2009.03.20"]
[Round "2.2"]
[White "Pogonina, Natalia"]
[Black "Socko, Monika"]
[Result "1-0"]
[WhiteElo "2467"]
[BlackElo "2449"]
[EventDate "2009.03.20"]
[PlyCount "123"]

1.e4 e5 2.Nf3 Nf6 3.Nxe5 d6 4.Nf3 Nxe4 5.Nc3 Nxc3 6.dxc3 Be7 7.Bf4 Nc6 8.
Qd2 Be6 9.O-O-O Qd7 10.Ng5 Bxg5 11.Bxg5 f6 12.Be3 a6 13.Be2 O-O-O 14.b3 
Rhe8 15.h3 Ne7 16.f4 Nc6 17.g4 Re7 18.Bf3 Rde8 19.Bf2 Bf7 20.c4 Bg6 21.f5 
Bf7 22.Kb2 Ne5 23.Bg2 Bxc4 24.Qd4 c5 25.Qc3 Qb5 26.Ka1 Bf7 27.Rxd6 Rc7 28.
a3 Nc6 29.Rhd1 Qa5 30.Qxc5 Qxc5 31.Bxc5 Re2 32.R6d2 Rxd2 33.Rxd2 Ne5 34.
Bf8 Be8 35.Kb2 Bc6 36.Bxc6 Nxc6 37.c4 Ne5 38.Rd5 Nf3 39.Bc5 Ng5 40.h4 Nf3 
41.Bf2 Re7 42.Kc3 Ne5 43.g5 fxg5 44.hxg5 Nf7 45.f6 gxf6 46.gxf6 Re5 47.
Rxe5 Nxe5 48.Kd4 Nf7 49.Kd5 Kd7 50.c5 h5 51.Bh4 Nh8 52.b4 Ng6 53.f7 Nf8 
54.a4 Ne6 55.b5 axb5 56.axb5 Nf8 57.c6+ bxc6+ 58.bxc6+ Kc7 59.Bg3+ Kc8 60.
Bd6 Ng6 61.f8=Q+ Nxf8 62.Bxf8 1-0

[Event "10th EUR-ch (W) playoff 3-9"]
[Site "Sankt Petersburg RUS"]
[Date "2009.03.20"]
[Round "2.3"]
[White "Pogonina, Natalia"]
[Black "Socko, Monika"]
[Result "1-0"]
[WhiteElo "2467"]
[BlackElo "2449"]
[EventDate "2009.03.20"]
[PlyCount "107"]

1.e4 e6 2.d4 d5 3.Nd2 c5 4.exd5 exd5 5.Ngf3 Nf6 6.Bb5+ Bd7 7.Bxd7+ Nbxd7 
8.O-O Be7 9.dxc5 Nxc5 10.Re1 O-O 11.Nf1 Nce4 12.Be3 Re8 13.Bd4 a5 14.a4 
Rc8 15.Ne3 Bf8 16.c3 Qd7 17.h3 Bd6 18.Qb3 Bb8 19.Rad1 Red8 20.Bb6 Bc7 21.
Bxc7 Qxc7 22.Nxd5 Nxd5 23.Rxd5 Nc5 24.Rxd8+ Qxd8 25.Qb5 h6 26.Nd4 Kh7 27.
Re5 b6 28.Qe2 Qf6 29.b3 Nd7 30.Qe4+ g6 31.Re7 Nc5 32.Qe3 Ne6 33.Rb7 Nc5 
34.Ra7 Kg7 35.Qe7 Qf4 36.g3 Qf6 37.Qe3 Qd6 38.h4 Qd5 39.Re7 Nxb3 40.Ne6+ 
Kg8 41.Qxh6 Qe5 42.Ng5 Qg7 43.Qxg7+ Kxg7 44.Rxf7+ Kg8 45.Rf6 Rxc3 46.Rxg6+
Kf8 47.Rxb6 Nc5 48.Rb5 Nxa4 49.Rxa5 Nb2 50.Rf5+ Kg8 51.h5 Nd3 52.h6 Nc5 
53.h7+ Kg7 54.Rf7+ 1-0

[Event "10th EUR-ch (W) playoff 3-9"]
[Site "Sankt Petersburg RUS"]
[Date "2009.03.20"]
[Round "2.2"]
[White "Lomineishvili, Maia"]
[Black "Ovod, Evgenia"]
[Result "1-0"]
[WhiteElo "2437"]
[BlackElo "2430"]
[EventDate "2009.03.20"]
[PlyCount "97"]

1.d4 d5 2.c4 e6 3.Nc3 c6 4.Nf3 Nf6 5.Bg5 dxc4 6.a4 Bb4 7.e3 b5 8.Qc2 a6 9.
Be2 Bb7 10.O-O Nbd7 11.Ne5 h6 12.Bh4 Qc7 13.f4 Nd5 14.Qd2 Nxc3 15.bxc3 Be7
16.Bg3 Nxe5 17.fxe5 O-O 18.Bd1 c5 19.Bc2 cxd4 20.exd4 Bg5 21.Bf4 Qe7 22.
Rae1 f5 23.exf6 Rxf6 24.Bxg5 Rxf1+ 25.Rxf1 Qxg5 26.Qf2 Qe7 27.Bb1 Rf8 28.
Qxf8+ Qxf8 29.Bh7+ Kxh7 30.Rxf8 bxa4 31.Rf2 Kg6 32.Kf1 Be4 33.Ke1 h5 34.
Kd1 Kg5 35.Kc1 h4 36.Kb2 Kg4 37.Ka3 g5 38.Kxa4 Kh5 39.Ka5 g4 40.g3 hxg3 
41.hxg3 Kg5 42.Rf4 Bb7 43.Kb6 Bd5 44.Kxa6 Kh5 45.Kb6 Kg5 46.Kc5 Kh5 47.Kd6
Kg5 48.Ke5 Kh5 49.Kf6 1-0

[Event "10th EUR-ch (W) playoff 3-9"]
[Site "Sankt Petersburg RUS"]
[Date "2009.03.20"]
[Round "2.3"]
[White "Lomineishvili, Maia"]
[Black "Ovod, Evgenia"]
[Result "1/2-1/2"]
[WhiteElo "2437"]
[BlackElo "2430"]
[EventDate "2009.03.20"]
[PlyCount "159"]

1.d4 d5 2.c4 e6 3.Nf3 c6 4.e3 Nf6 5.Bd3 dxc4 6.Bxc4 Nbd7 7.O-O Bd6 8.a4 
O-O 9.Nc3 Qe7 10.e4 e5 11.Bg5 Rd8 12.d5 Nf8 13.Qb3 h6 14.Bh4 Ng6 15.Bg3 
Nh5 16.a5 Bg4 17.Nd2 Rab8 18.f3 Nxg3 19.hxg3 Bd7 20.Rfd1 Bc5+ 21.Kh1 Qg5 
22.Nf1 Qh5+ 23.Nh2 Bf2 24.Ne2 Be8 25.Rf1 Bc5 26.Qc3 cxd5 27.Bxd5 Rdc8 28.
Qb3 b6 29.a6 Ne7 30.Rad1 Nxd5 31.Rxd5 Bc6 32.Rd3 Rd8 33.Rfd1 Rxd3 34.Qxd3 
Qg5 35.Qc3 Qe7 36.Ng4 f6 37.Nc1 Bd4 38.Qc4+ Kh7 39.Nb3 Bd7 40.Nxd4 exd4 
41.Nf2 Qe5 42.f4 Qh5+ 43.Kg1 Bb5 44.Qxd4 Bxa6 45.g4 Qb5 46.Qd6 Rc8 47.Qe7 
Re8 48.Qxa7 Bc8 49.Qf7 Be6 50.Qc7 Rc8 51.Qd6 Bb3 52.Re1 Rc2 53.e5 fxe5 54.
Rxe5 Rc1+ 55.Kh2 Qf1 56.Qd3+ Qxd3 57.Nxd3 Rd1 58.Nb4 Rd2 59.Rb5 Rxb2 60.
Rxb6 Bd1 61.Kg3 Rb3+ 62.Kh4 Rb2 63.Kh3 Rb3+ 64.Kh4 Rb2 65.Kg3 Rb3+ 66.Kf2 
Bxg4 67.Nd5 Rxb6 68.Nxb6 Kg6 69.Nd5 Be6 70.Ne3 Kf7 71.g4 Bb3 72.Kf3 Ba2 
73.Ke4 Bb1+ 74.Ke5 Ba2 75.Nf5 Bb1 76.Nd6+ Kg8 77.f5 Bc2 78.Ke6 Bd1 79.f6 
Bxg4+ 80.Ke7 1/2-1/2

[Event "10th EUR-ch (W) playoff 3-9"]
[Site "Sankt Petersburg RUS"]
[Date "2009.03.20"]
[Round "3.1"]
[White "Pogonina, Natalia"]
[Black "Lomineishvili, Maia"]
[Result "1-0"]
[WhiteElo "2467"]
[BlackElo "2437"]
[EventDate "2009.03.20"]
[PlyCount "125"]

1.e4 c5 2.Nf3 d6 3.d4 cxd4 4.Nxd4 Nf6 5.Nc3 Nc6 6.Bg5 e6 7.Qd2 Qb6 8.Nb3 
Be7 9.Be2 a6 10.O-O O-O 11.Be3 Qc7 12.a4 b6 13.f4 Bb7 14.Bf3 Rfd8 15.Kh1 
d5 16.Qf2 d4 17.Nxd4 Nxd4 18.Bxd4 Qxf4 19.Bxb6 Rd2 20.Qg1 Qe5 21.Rad1 Rxc2
22.Bd4 Qg5 23.Rf2 Rxf2 24.Qxf2 Rd8 25.Rf1 e5 26.Be3 Qg6 27.Qc2 Bc8 28.Rd1 
Bg4 29.Rxd8+ Bxd8 30.Qd3 Be7 31.Qxa6 h5 32.Qb5 Bd6 33.a5 h4 34.a6 h3 35.
Qe2 hxg2+ 36.Qxg2 Bxf3 37.Qxf3 Bb8 38.a7 Bxa7 39.Bxa7 Ng4 40.Bg1 Qe6 41.
Nd5 Nh6 42.b4 f5 43.exf5 Nxf5 44.Ne3 Nxe3 45.Bxe3 Qc4 46.Bc5 e4 47.Qf4 Qd5
48.Kg1 Qd1+ 49.Kf2 Qc2+ 50.Kg3 Qc3+ 51.Kg4 Qd3 52.Qf8+ Kh7 53.Qf5+ Kg8 54.
Kg5 Qd2+ 55.Qf4 Qd8+ 56.Kf5 Qe8 57.Qe5 g6+ 58.Kxe4 Qb5 59.Qd5+ Kh7 60.Qf7+
Kh6 61.Be3+ g5 62.Qf6+ Kh7 63.Qf5+ 1-0

[Event "10th EUR-ch (W) playoff 3-9"]
[Site "Sankt Petersburg RUS"]
[Date "2009.03.20"]
[Round "3.2"]
[White "Lomineishvili, Maia"]
[Black "Pogonina, Natalia"]
[Result "1-0"]
[WhiteElo "2437"]
[BlackElo "2467"]
[EventDate "2009.03.20"]
[PlyCount "115"]

1.d4 Nf6 2.c4 c5 3.d5 b5 4.Nf3 Bb7 5.Qc2 g6 6.e4 bxc4 7.Bxc4 d6 8.O-O Bg7 
9.Nc3 O-O 10.h3 Ba6 11.Nd2 Nfd7 12.Bxa6 Nxa6 13.Nc4 Ne5 14.Ne3 Nb4 15.Qe2 
Qc8 16.f4 Nd7 17.a3 Na6 18.Nc4 Nc7 19.Ne3 Qa6 20.Qf3 Nb5 21.Nxb5 Qxb5 22.
h4 Rab8 23.h5 Qd3 24.Nf5 Qxf3 25.Nxe7+ Kh8 26.gxf3 Bd4+ 27.Kg2 gxh5 28.Rh1
Rb3 29.Rxh5 Bf6 30.Nf5 Rg8+ 31.Ng3 Bd4 32.Rb1 Nb6 33.Rg5 Nc4 34.Nf5 f6 35.
Rxg8+ Kxg8 36.a4 Na3 37.Ra1 Bxb2 38.Bxb2 Rxb2+ 39.Kh3 Rb3 40.Rg1+ Kf8 41.
Rg7 c4 42.Rxa7 c3 43.Rc7 c2 44.Nd4 Rb2 45.a5 Rb1 46.Nxc2 Nxc2 47.Rxc2 Ra1 
48.Rc7 Rxa5 49.Kg4 Ra3 50.Rxh7 Ke8 51.Rb7 Rc3 52.Rh7 Ra3 53.Rh3 Rb3 54.Kf5
Kf7 55.Rh7+ Kg8 56.Rd7 Rxf3 57.Rxd6 Kg7 58.Rxf6 1-0

[Event "10th EUR-ch (W) playoff 3-9"]
[Site "Sankt Petersburg RUS"]
[Date "2009.03.20"]
[Round "3.3"]
[White "Lomineishvili, Maia"]
[Black "Pogonina, Natalia"]
[Result "0-1"]
[WhiteElo "2437"]
[BlackElo "2467"]
[EventDate "2009.03.20"]
[PlyCount "80"]

1.d4 Nf6 2.Nf3 c5 3.e3 b6 4.Bd3 Bb7 5.b3 g6 6.Bb2 Bg7 7.Nbd2 O-O 8.O-O d6 
9.c4 Nbd7 10.d5 b5 11.e4 bxc4 12.Nxc4 Ba6 13.Qc2 Nb6 14.Nfd2 Nxc4 15.Bxc4 
Bxc4 16.Nxc4 Nd7 17.Bxg7 Kxg7 18.f4 Nb6 19.Ne3 Rc8 20.Qc3+ Kg8 21.Rf3 f6 
22.Rc1 Nd7 23.Nc4 Nb6 24.Na5 Qc7 25.Nc6 e6 26.Nd4 exd5 27.Ne6 d4 28.Qd3 
Qe7 29.Nxf8 Rxf8 30.b4 Re8 31.bxc5 dxc5 32.Rf2 Kg7 33.Rfc2 Na4 34.Rc4 Nb2 
35.Qc2 Nxc4 36.Qxc4 Qxe4 37.Qxc5 Qe3+ 38.Kf1 Re7 39.Rd1 Qe2+ 40.Kg1 Qxd1+ 
0-1

[Event "10th EUR-ch (W) playoff 3-9"]
[Site "Sankt Petersburg RUS"]
[Date "2009.03.20"]
[Round "3.4"]
[White "Pogonina, Natalia"]
[Black "Lomineishvili, Maia"]
[Result "1-0"]
[WhiteElo "2467"]
[BlackElo "2437"]
[EventDate "2009.03.20"]
[PlyCount "68"]

1.e4 c5 2.Nf3 d6 3.d4 cxd4 4.Nxd4 Nf6 5.Nc3 Nc6 6.Bg5 Bd7 7.Qd2 h6 8.Bh4 
g5 9.Bg3 Bg7 10.Nb3 Na5 11.Be2 Nxb3 12.axb3 a6 13.O-O h5 14.e5 dxe5 15.
Bxe5 g4 16.Rad1 Qc8 17.Qd4 Qc6 18.Bc4 Rd8 19.Nd5 Nxd5 20.Bxg7 Rg8 21.Bxd5 
Qg6 22.Be5 h4 23.Bc7 Rc8 24.Bb6 Kf8 25.Be4 Bf5 26.Bxf5 Qxf5 27.c4 h3 28.
Qd5 Qc2 29.Rfe1 hxg2 30.Qxg2 Qxb3 31.Qxb7 Re8 32.Qc6 Qh3 33.Qxe8+ Kg7 34.
Bd4+ Kh7 1-0